Online
Catalog

Medina del mar Caribe : (Record no. 26880)

MARC details
000 -CABECERA
campo de control de longitud fija 01191nam a2200325 i 4500
001 - NÚMERO DE CONTROL
campo de control 000027388
003 - IDENTIFICADOR DEL NÚMERO DE CONTROL
campo de control DO-SdBNP
005 - FECHA Y HORA DE LA ÚLTIMA TRANSACCIÓN
campo de control 20241030141145.0
007 - CAMPO FIJO DE DESCRIPCIÓN FÍSICA--INFORMACIÓN GENERAL
campo de control de longitud fija ta
008 - DATOS DE LONGITUD FIJA--INFORMACIÓN GENERAL
campo de control de longitud fija 110331s1986 dr 000 0 spa d
040 ## - FUENTE DE LA CATALOGACIÓN
Centro catalogador/agencia de origen DO-SdBNP
Lengua de catalogación spa
Centro/agencia transcriptor BNPHU
Normas de descripción rda
041 ## - CÓDIGO DE LENGUA
Código de lengua del texto/banda sonora o título independiente spa
082 #4 - NÚMERO DE LA CLASIFICACIÓN DECIMAL DEWEY
Número de clasificación 863.6
Número de documento/Ítem C245m 1986
Número de edición 22
100 1# - ENTRADA PRINCIPAL--NOMBRE DE PERSONA
Nombre de persona Capó Bonnafous, Eduardo
Fechas asociadas al nombre 1906-1976
9 (RLIN) 54470
Código de función/relación aut.
Término indicativo de función/relación autor
245 10 - MENCIÓN DE TÍTULO
Título Medina del mar Caribe :
Resto del título seminovela /
Mención de responsabilidad, etc. Eduardo Capó Bonnafous ; prólogo, Maria Ugarte
250 ## - MENCIÓN DE EDICIÓN
Mención de edición 2da. edición
264 ## - PRODUCCIÓN, PUBLICACIÓN, DISTRIBUCIÓN, FABRICACIÓN Y COPYRIGHT
Producción, publicación, distribución, fabricación y copyright Santo Domingo :
Nombre del de productor, editor, distribuidor, fabricante Sociedad Dominicana de Bibliófilos,
Fecha de producción, publicación, distribución, fabricación o copyright 1986.
300 ## - DESCRIPCIÓN FÍSICA
Extensión 231 páginas ;
Dimensiones 21 cm.
336 ## - TIPO DE CONTENIDO
Término de tipo de contenido texto
Código de tipo de contenido txt
Fuente rdacontent
337 ## - TIPO DE MEDIO
Nombre/término del tipo de medio sin mediación
Código del tipo de medio n
Fuente rdamedia
338 ## - TIPO DE SOPORTE
Nombre/término del tipo de soporte volumen
Código del tipo de soporte nc
Fuente rdacarrier
490 1# - MENCIÓN DE SERIE
Mención de serie Sociedad Dominicana de Bibliófilos :
-- Cultura dominicana ;
Designación de volumen o secuencia 59
590 ## - NOTA LOCAL (RLIN)
Nota local Inventariado, 2019/VM
650 #4 - PUNTO DE ACCESO ADICIONAL DE MATERIA--TÉRMINO DE MATERIA
Término de materia o nombre geográfico como elemento de entrada Novela histórica española
Fuente del encabezamiento o término LEMB
9 (RLIN) 860
650 #4 - PUNTO DE ACCESO ADICIONAL DE MATERIA--TÉRMINO DE MATERIA
Término de materia o nombre geográfico como elemento de entrada Literatura española
Fuente del encabezamiento o término LEMB
9 (RLIN) 632
700 1# - PUNTO DE ACCESO ADICIONAL--NOMBRE DE PERSONA
Nombre de persona Ugarte, María
Fechas asociadas al nombre 1914-2011
Término indicativo de función/relación prologuista
Código de función/relación pr.
9 (RLIN) 24078
830 #0 - PUNTO DE ACCESO ADICIONAL DE SERIE-TÍTULO UNIFORME
Título uniforme Sociedad Dominicana de Bibliófilos
Nombre de parte o sección de la obra Cultura Dominicana
9 (RLIN) 26134
Número de parte o sección de la obra 59
910 ## - DATOS DE OPCIÓN DEL USUARIO (OCLC)
Datos de opción del usuario Validado. Control de calidad MFF
942 ## - ELEMENTOS DE PUNTO DE ACCESO ADICIONAL (KOHA)
Fuente del sistema de clasificación o colocación Dewey Decimal Classification
Tipo de ítem Koha Libro
Holdings
Estado de retiro Estado de pérdida Fuente del sistema de clasificación o colocación Restricciones de uso No para préstamo Código de colección Localización permanente Ubicación/localización actual Ubicación en estantería Fecha de adquisición Total de préstamos Signatura topográfica completa Código de barras Fecha visto por última vez Número de copia Precio válido a partir de Tipo de ítem Koha Nota pública
    Dewey Decimal Classification Préstamo en sala   Dominicana de Servicio Biblioteca Nacional Pedro Henríquez Ureña Biblioteca Nacional Pedro Henríquez Ureña Depósito 14.05.2013   BNPHU DS 863.6 C245m 1986 27388-30 25.06.2020 e. 3 25.06.2020 Libro Perteneción a la biblioteca personal de Dr. Josefina Garrido de C.
    Dewey Decimal Classification Préstamo en sala   Dominicana de Servicio Biblioteca Nacional Pedro Henríquez Ureña Biblioteca Nacional Pedro Henríquez Ureña Depósito 25.02.2015   BNPHU DS 863.6 C245m 1986 27388-40 25.06.2020 e. 4 25.06.2020 Libro Perteneció a la Biblioteca Flia. Reyes Duluc
    Dewey Decimal Classification Préstamo en sala   Dominicana de Servicio Biblioteca Nacional Pedro Henríquez Ureña Biblioteca Nacional Pedro Henríquez Ureña Depósito 28.06.2019   BNPHU DS 863.6 C245m 1986 27388-50 25.06.2020 e. 5 25.06.2020 Libro Perteneció a la Biblioteca Germán E. Ornes Coiscuo
    Dewey Decimal Classification Excluido de préstamo   Patrimonio Dominicano Biblioteca Nacional Pedro Henríquez Ureña Biblioteca Nacional Pedro Henríquez Ureña Depósito 31.03.2011   BNPHU PD 863.6 C245m 1986 27388-10 25.06.2020   25.06.2020 Libro Perteneció a la biblioteca Ramón Domingéz G.
    Dewey Decimal Classification Excluido de préstamo   Patrimonio Dominicano Biblioteca Nacional Pedro Henríquez Ureña Biblioteca Nacional Pedro Henríquez Ureña Depósito 23.08.2011   BNPHU PD 863.6 C245m 1986 27388-20 25.06.2020 e. 2 25.06.2020 Libro Perteneció a la biblioteca personal de Dr. Guaroa Ginebra H.

Powered by Koha